00430nam a22001457a 4500003000500000038001100005082002000016100002200036245005400058260003800112300001300150500001500163880003900178880006700217NUST awaseem a891.491109bBHA aBhatti, Amjad Ali aInsaan Dosti Te Punjabi Sheri /cAmjad Ali Bhatti aLahore :bA.H. Publishers,c2008. a572 p. ; aHardcover. 6100-02\raامجد علی بھٹی 6245-02\raانسان دوستی تے پنجابی شاعری /